Computer science with Pascal for advanced placement students / (Record no. 4091)
[ view plain ]
| 000 -LEADER | |
|---|---|
| fixed length control field | 01159nac a22002771u 4500 |
| 010 ## - LIBRARY OF CONGRESS CONTROL NUMBER | |
| LC control number | 88039965 |
| 020 ## - INTERNATIONAL STANDARD BOOK NUMBER | |
| International Standard Book Number | 0314402756 |
| 082 00 - DEWEY DECIMAL CLASSIFICATION NUMBER | |
| Classification number | 005.133 |
| Item number | M3126 |
| 090 ## - LOCALLY ASSIGNED LC-TYPE CALL NUMBER (OCLC); LOCAL CALL NUMBER (OCLC) | |
| -- | 4091 |
| -- | 4091 |
| 100 ## - MAIN ENTRY--PERSONAL NAME | |
| Personal name | Mandell, Steven L. |
| 245 10 - TITLE STATEMENT | |
| Title | Computer science with Pascal for advanced placement students / |
| Statement of responsibility, etc | Steven L. Mandell, Colleen J. Mandell ; content specialist, Susan K. Baumann. |
| 250 ## - EDITION STATEMENT | |
| Edition statement | 2nd ed. |
| 260 ## - PUBLICATION, DISTRIBUTION, ETC. (IMPRINT) | |
| Place of publication, distribution, etc | St. Paul : |
| Name of publisher, distributor, etc | West Pub. Co., |
| Date of publication, distribution, etc | c1989. |
| 300 ## - PHYSICAL DESCRIPTION | |
| Extent | xxiii, 546, [65] p. : |
| Other physical details | ill. (some col.) ; |
| Dimensions | 26 cm. |
| 500 ## - GENERAL NOTE | |
| General note | Includes index. |
| 520 ## - SUMMARY, ETC. | |
| Summary, etc | An introduction to computers and computer programming with emphasis on constructing programs with Pascal. |
| 650 #0 - SUBJECT ADDED ENTRY--TOPICAL TERM | |
| Topical term or geographic name as entry element | Pascal (Computer program language) |
| 650 #0 - SUBJECT ADDED ENTRY--TOPICAL TERM | |
| Topical term or geographic name as entry element | Electronic digital computers. |
| 650 #0 - SUBJECT ADDED ENTRY--TOPICAL TERM | |
| Topical term or geographic name as entry element | Pascal (Computer program language) |
| 650 #0 - SUBJECT ADDED ENTRY--TOPICAL TERM | |
| Topical term or geographic name as entry element | Programming languages (Computers) |
| 650 #0 - SUBJECT ADDED ENTRY--TOPICAL TERM | |
| Topical term or geographic name as entry element | Computers. |
| 700 1# - ADDED ENTRY--PERSONAL NAME | |
| Personal name | Mandell, Colleen J. |
| 700 1# - ADDED ENTRY--PERSONAL NAME | |
| Personal name | Mandell, Steven L. |
| 942 ## - ADDED ENTRY ELEMENTS (KOHA) | |
| Item type | Book - Borrowing |
| Call number prefix | 005.133M3126 |
| Withdrawn status | Item status | Damaged status | Not for loan | Home library | Current library | Shelving location | Date acquired | Source of acquisition | Total Checkouts | Full call number | Barcode | Date last seen | Date last borrowed | Koha item type |
|---|---|---|---|---|---|---|---|---|---|---|---|---|---|---|
| Central Library | Central Library | Lower Floor | 21/08/2007 | Purchase | 1 | 005.133 MAN | 000000119 | 15/07/2025 | 30/05/2011 | Book - Borrowing |